Student loan assistance amendments of 1982 : hearing before the Subcommittee on Education, Arts, and Humanities of the Committee on Labor and Human Resources, United States Senate, Ninety-seventh Congress, second session, on S. 2655 ... September 30, 1982.

Bibliographic Details
Corporate Authors: United States. Congress. Senate. Committee on Labor and Human Resources. Subcommittee on Education, Arts, and Humanities, ProQuest (Firm)
Format: Government Document eBook
Language:English
Published: Washington : U.S. G.P.O., 1982.
Series:U.S. Congressional Hearings.
Subjects:
Online Access:Connect to the full text of this electronic book

MARC

Tag First Indicator Second Indicator Subfields
LEADER 00000cam a22000001a 4500
001 in00003221521
006 m d f
007 cr bn mmmapmmp
008 091015s1982 dcu o f000 0 eng d
005 20260504210008.6
035 |a cis2007447030 
040 |a UMI  |c UMI  |d UtOrBLW 
043 |a n-us--- 
074 |a 1043-A, 1043-B (microfiche) 
086 0 |a Y 4.L 11/4:St 9/3/982 
099 |a HRG-1982-LHR-0049 
110 1 |a United States.  |b Congress.  |b Senate.  |b Committee on Labor and Human Resources.  |b Subcommittee on Education, Arts, and Humanities. 
245 1 0 |a Student loan assistance amendments of 1982 :  |b hearing before the Subcommittee on Education, Arts, and Humanities of the Committee on Labor and Human Resources, United States Senate, Ninety-seventh Congress, second session, on S. 2655 ... September 30, 1982. 
264 1 |a Washington :  |b U.S. G.P.O.,  |c 1982. 
300 |a 1 online resource. 
336 |a text  |b txt  |2 rdacontent 
337 |a computer  |b c  |2 rdamedia 
338 |a online resource  |b cr  |2 rdacarrier 
500 |a Record is based on bibliographic data in ProQuest Congressional Hearings Digital Collection. Reuse except for individual research requires license from ProQuest, LLC. 
538 |a System requirements: PDF reader software. 
500 |a Electronic resource. 
650 0 |a Student aid  |x Law and legislation  |z United States. 
650 0 |a Federal aid to higher education  |z United States. 
655 7 |a Electronic books.  |2 local 
710 2 |a ProQuest (Firm) 
776 0 8 |i Print version:  |a United States. Congress. Senate. Committee on Labor and Human Resources. Subcommittee on Education, Arts, and Humanities.  |t Student loan assistance amendments of 1982  |w (OCoLC)09298458  |w gp 83012602 
776 0 8 |i Microfiche version:  |a United States. Congress. Senate. Committee on Labor and Human Resources. Subcommittee on Education, Arts, and Humanities.  |t Student loan assistance amendments of 1982.  |d [Bethesda, Md.] : ProQuest,[2004]  |o CIS 83 S541-6  |w (ProQuest)cis08302723 
830 0 |a U.S. Congressional Hearings. 
856 4 0 |u http://proxy.library.tamu.edu/login?url=https://congressional.proquest.com/congcomp/getdoc?HEARING-ID=HRG-1982-LHR-0049  |z Connect to the full text of this electronic book  |t 0 
998 |a cis08302723 
999 |a MARS 
999 f f |s 70e3e25e-d4b1-31d8-9170-c9f5bd0ec995  |i 53bcd876-8fcd-33fb-a2f1-b093695c15cc  |t 0 
952 f f |a Texas A&M University  |b College Station  |c Electronic Resources  |s www_evans  |d Available Online  |t 0  |e HRG-1982-LHR-0049  |h Other scheme 
998 f f |a HRG-1982-LHR-0049  |t 0  |l Available Online